Annie : (Record no. 7549)

MARC details
000 -LEADER
fixed length control field 01047nam a22002777a 4500
001 - CONTROL NUMBER
control field 7549
003 - CONTROL NUMBER IDENTIFIER
control field FISKH
005 - DATE AND TIME OF LATEST TRANSACTION
control field 20250723161656.0
008 - FIXED-LENGTH DATA ELEMENTS--GENERAL INFORMATION
fixed length control field 250723b cb ||||| |||| 00| 0 eng d
020 ## - INTERNATIONAL STANDARD BOOK NUMBER
International Standard Book Number 9780545797528
040 ## - CATALOGING SOURCE
Original cataloging agency FISKH
Language of cataloging eng
Transcribing agency FISKH
Modifying agency FISKH
082 ## - DEWEY DECIMAL CLASSIFICATION NUMBER
Classification number 314
100 ## - MAIN ENTRY--PERSONAL NAME
Personal name Glass, Calliope
245 ## - TITLE STATEMENT
Title Annie :
Remainder of title A true family /
Statement of responsibility, etc. Adapted by Calliope Glass
250 ## - EDITION STATEMENT
Edition statement First printing , November 2014
260 ## - PUBLICATION, DISTRIBUTION, ETC.
Place of publication, distribution, etc. New York :
Name of publisher, distributor, etc. Scholastic ,
Date of publication, distribution, etc. 2014.
300 ## - PHYSICAL DESCRIPTION
Extent 32 pages :
Other physical details color illustrations ;
Dimensions 23 cm .
505 ## - FORMATTED CONTENTS NOTE
Formatted contents note J <br/>
520 ## - SUMMARY, ETC.
Summary, etc. "Annie is a foster child whose life is about to turn upside down! A New York City billionaire named Will Stacks has agreed to take in Annie and her dog, Sandy, during his campaign for mayor. Will staying with Mr. Stacks help Annie finally find her true family?" -- On back cover.
521 8# - TARGET AUDIENCE NOTE
Target audience note 500 <br/>
Source Lexile estimate <br/>
521 8# - TARGET AUDIENCE NOTE
Target audience note J <br/>
Source Raz-Plus <br/>
650 ## - SUBJECT ADDED ENTRY--TOPICAL TERM
Topical term or geographic name entry element Family
Form subdivision Fiction
700 ## - ADDED ENTRY--PERSONAL NAME
Personal name Meehan, Thomas
Relator term Illustrator
942 ## - ADDED ENTRY ELEMENTS (KOHA)
Source of classification or shelving scheme Dewey Decimal Classification
Koha item type Books
Suppress in OPAC No
Holdings
Withdrawn status Lost status Source of classification or shelving scheme Damaged status Not for loan Collection Home library Current library Shelving location Date acquired Total Checkouts Full call number Barcode Date last seen Price effective from Koha item type
    Dewey Decimal Classification     Juvenile Fiction Footprints International School Library Network Toul Tom Poung Campus Footprints International School Library Network Toul Tom Poung Campus TTP Primary Dark Blue Bookshelves 07/23/2025   GLA PZ7 314 FISBK05622 07/23/2025 07/23/2025 Books